000
00312nam a22001217a 4500
008
160519b xxu||||| |||| 00| 0 eng d
020
_a
9781588299741
020
_a
9781588299741
041
_a
eng
080
_a
616
245
_a
Molecular genetic pathology:
_c
Liang Cheng MD; David Y. Zhang MD;
942
_2
udc
_c
BK
999
_c
2252
_d
2252